| 000 | 00834cam a22001934a 4500 | ||
|---|---|---|---|
| 005 | 20250605164403.0 | ||
| 008 | 250528s ||||||||||||||||||||||||d | ||
| 035 | _a24688 | ||
| 040 |
_aGR-AtMCL _bgre _dGR-AtMCL _eAACR2 |
||
| 245 | 1 | _aΤο HealthTeh Έτοιμο να Σώσει την Ανθρωπότητα | |
| 260 | _c2020 | ||
| 300 | _a82 | ||
| 520 | _aΤα 20 Ψηφιακά Εργαλεία που 'Λύνουν' τα Χέρια των Επιχειρήσεων, Μεγάλο Αφιέρωμα: Η Ακτινογραφία των Online Σούπερ Μάρκετ, Irida Labs: Από την Πάτρα 'Ηγείται' της 4ης Βιομηχανικής Επανάστασης. | ||
| 700 | 1 |
_aStartupper Mag _99502 |
|
| 700 | 1 |
_aΔιονάτος Γιάννης _99503 |
|
| 942 | _cCR | ||
| 999 |
_c9555 _d9555 |
||